Normale Ansicht
MARC-Ansicht
Eintrag Personenname
001 - Kontrollnummer
- Kontrollfeld: 67987
003 - Kontrollnummer Identifier
- Kontrollfeld:
005 - Datum und Zeit der letzten Transaktion
- Kontrollfeld: 20251212130834.0
008 - Datenelemente mit fester Länge
- Kontrollfeld mit fester Länge: 251212|| aca||aabn | a|a d
040 ## - Katalogisierungsquelle
- Original-Katalogisierungsstelle:
- Übertragungsstelle:
100 ## - Ansetzung - Personenname
- Personenname: McAuley T (Hrsg.)
670 ## - Datenquelle
- Quellenangabe: Work cat.: ()73442: McAuley T (Hrsg.) aut, The Oxford Handbook of Western Music and Philosophy